000 00447nam a2200181Ia 4500
001 12761
005 20260306163005.0
008 260306t2008||||xx |||||||||||||| ||spa||
041 _aESP
082 _aRD 170.3
_bT28
100 _aTealdi, Juan Carlos (dir)
_eAUT
245 0 _aDiccionario latinoamericano de bioética
260 _c2008
300 _a660 p, : xxviii
_c24 cm.
650 _aGEN
654 _aCHU
942 _cDIC
_dJUS
_fJUS
_2ddc
_n
999 _c12761
_d12761